000
00291nam a2200133Ia 4500
100
_a
Ross/Robert B
942
_c
BK
654
_a
handbook
245
_a
Handbook of metal treatment and testing
260
_b
E. and F.N
_c
1977
082
_a
671.7
_b
ROS
300
_a
467
546
_a
ENGLISH
999
_c
34735
_d
34735